|
|
|
|
| LEADER |
01950nam a22003375a 4500 |
| 001 |
27573 |
| 003 |
BD-DhAAL |
| 005 |
20130924102222.0 |
| 008 |
130924s2013 uik 000 0 eng |
| 010 |
|
|
|a 2012944559
|
| 020 |
|
|
|a 9781446249185 (Paper)
|
| 020 |
|
|
|a 1446249182 (Paper)
|
| 020 |
|
|
|a 9781446249178 (Cloth)
|
| 020 |
|
|
|a 1446249174 (Cloth)
|
| 040 |
|
|
|a DLC
|c DLC
|d BD-DhAAL
|
| 082 |
|
|
|2 22
|a 300.285/555
|
| 100 |
|
|
|a Field, Andy.
|9 3204
|
| 245 |
0 |
0 |
|a Discovering Statistics Using IBM SPSS Statistics :
|c Andy Field.
|b and sex and drugs and rock 'n' roll /
|
| 250 |
|
|
|a 4th ed.
|
| 260 |
|
|
|a London :
|b Sage Publications Ltd,
|c 2013.
|
| 300 |
|
|
|a xxxii, 856 p. :
|c 27 cm.
|b ill. ;
|
| 504 |
|
|
|a Includes bibliographical references (p. 899-907) and index
|
| 541 |
|
|
|e 27573, 27574, 27575, 27576, 27577
|
| 650 |
|
0 |
|a Social sciences
|x Statistical methods
|x Computer programs.
|9 1292
|
| 942 |
|
|
|2 ddc
|c BK
|
| 999 |
|
|
|c 14005
|d 14005
|
| 952 |
|
|
|0 0
|1 0
|2 ddc
|4 0
|6 300_285555000000000_FIE
|7 0
|9 23462
|a BRACUL
|b BRACUL
|c GEN
|d 2013-09-24
|e Karim International
|g 4700.00
|l 4
|m 25
|o 300.285555 FIE
|p 3010027573
|r 2024-09-28
|s 2023-09-05
|t 1
|w 2013-09-24
|y BK
|
| 952 |
|
|
|0 0
|1 0
|2 ddc
|4 0
|6 300_285555000000000_FIE
|7 0
|9 23463
|a BRACUL
|b BRACUL
|c GEN
|d 2013-09-24
|e Karim International
|g 4700.00
|l 4
|m 8
|o 300.285555 FIE
|p 3010027574
|r 2016-05-04
|s 2016-05-04
|t 2
|w 2013-09-24
|y BK
|
| 952 |
|
|
|0 0
|1 0
|2 ddc
|4 0
|6 300_285555000000000_FIE
|7 0
|9 23464
|a BRACUL
|b BRACUL
|c GEN
|d 2013-09-24
|e Karim International
|g 4700.00
|l 3
|m 6
|o 300.285555 FIE
|p 3010027575
|r 2017-02-01
|s 2017-01-23
|t 3
|w 2013-09-24
|y BK
|
| 952 |
|
|
|0 0
|1 0
|2 ddc
|4 0
|6 300_285555000000000_FIE
|7 0
|9 23465
|a BRACUL
|b BRACUL
|c GEN
|d 2013-09-24
|e Karim International
|g 4700.00
|l 2
|m 5
|o 300.285555 FIE
|p 3010027576
|r 2019-09-29
|s 2018-09-09
|t 4
|w 2013-09-24
|y BK
|
| 952 |
|
|
|0 0
|1 0
|2 ddc
|4 0
|6 300_285555000000000_FIE
|7 0
|9 23466
|a BRACUL
|b BRACUL
|c GEN
|d 2013-09-24
|e Karim International
|g 4700.00
|l 6
|m 60
|o 300.285555 FIE
|p 3010027577
|r 2016-09-18
|s 2016-01-20
|t 5
|w 2013-09-24
|y BK
|